000 00323nam a22001457a 4500
008 210312b ||||| |||| 00| 0 eng d
020 _a0721665039
041 _aeng
080 _a615.83
082 _a615.83
100 _a8
101 _aEGZ
245 _aPhysical Therapy for Children
_cCampbell,K.S
942 _2udc
_cBK
999 _c56483
_d56483